00386pab a2200133 454500008004000000100001800040245010700058260000900165300001300174362001200187650002000199700001700219773001600236180718b2013 xxu||||| |||| 00| 0 eng d aSharma, Divya aClimate resilience mainstreaming plan for the city of Gorakhpur city, India- A Teri- ACCCRN initiative c2013 ap.59-79. aJan-Dec aClimatic change aSingh, Raina aUrban India